000 01746nam a2200301 i 4500
005 20250329165435.0
007 ta
008 190415s2022 000 0 eng d
040 _aCO-CtgCURN
_bspa
_ccoctgcurn
_erda
082 0 _aENF 2022
_bM842
100 1 _aMorelo Mendoza, Ana Cristina,
_eauthor.
_4aut
245 1 0 _aFactores de riesgo psicosociales intralaborales en docentes de una institución universitaria en Cartagena (Colombia) 2022 /
_cAna Cristina Morelo Mendoza; Keyla Marcela Rojano Zúñiga; Melissa Salas Núñez; Directoras Zorayda Barrios Puerta; Magda Esperanza Sanabria Artunduaga.
260 _aCartagena de Indias :
_bCorporación Universitaria Rafael Núñez,
_c2022.
300 _a140 hojas.
336 _atext
_btxt
_2rdacontent
337 _aunmediated
_bn
_2rdamedia
338 _avolume
_bnc
_2rdacarrier
504 _aTrabajo de grado (Enfermera). Corporación Universitaria Rafael Nuñez. Facultad de Ciencias de la Salud. Programa de Enfermería, 2022.
520 _a"Los riesgos psicosociales representan un problema de salud pblica que afecta significativamente la salud de los trabajadores, por tanto, deben ser identificados, caracterizados y analizados."
650 0 _aEnfermería
_vTesis y disertaciones academicas.
700 1 _aRojano Zúñiga, Keyla Marcela.
700 1 _aSalas Núñez, Melissa.
700 1 _aBarrios Puerta, Zorayda,
_edirectora.
700 1 _aSanabria Artunduaga, Magda Esperanza,
_edirectora.
856 _uhttps://unicurn.sharepoint.com/:b:/s/biblioteca/ETh8LbwQFXBLhQ9pKdi1_88BXlFopQhN9fmf7akwnkGhWQ?e=ZudeN0
_zClick aqui para ver el recurso en texto completo
942 _2ddc
_cTG
_hENF 2022
_iM842
999 _c4094
_d4094